<?xml version="1.0" encoding="UTF-8"?>
<marc:record xmlns:marc="http://www.loc.gov/MARC21/slim">
   <marc:leader>00000nam a2200000 a 4500</marc:leader>
   <marc:datafield ind1="1" ind2=" " tag="100">
      <marc:subfield code="a">Scheunemann, Frauke</marc:subfield>
      <marc:subfield code="4">aut</marc:subfield>
      <marc:subfield code="e">Verfasser/-in</marc:subfield>
   </marc:datafield>
   <marc:datafield ind1="0" ind2="0" tag="245">
      <marc:subfield code="a">Winstons geheimste Fälle</marc:subfield>
   </marc:datafield>
   <marc:datafield ind1="0" ind2="0" tag="245">
      <marc:subfield code="b">der Fluch der Wächterkatze</marc:subfield>
   </marc:datafield>
   <marc:datafield ind1=" " ind2="1" tag="264">
      <marc:subfield code="b">Loewe</marc:subfield>
      <marc:subfield code="c">2020</marc:subfield>
   </marc:datafield>
   <marc:datafield ind1="1" ind2=" " tag="520">
      <marc:subfield code="a">Kater Winston hat es nicht leicht: Wegen eines verführerischen Mettbrötchens gerät er aus Versehen in eine Ausstellung ägyptischer Mumien. Wie das jetzt? Egal. Denn wer konnte schon ahnen, dass ausgerechnet hier ein Kriminalfall auf ihn warten würde? Die Katzenmumie Miu braucht dringend Winstons Hilfe. Die goldene Totenmaske des Pharaos wurde gestohlen, und wenn sie nicht bald wieder auftaucht, wird die Rache des Anubis fürchterlich sein …</marc:subfield>
   </marc:datafield>
   <marc:datafield ind1=" " ind2=" " tag="020">
      <marc:subfield code="a">9783743206120</marc:subfield>
      <marc:subfield code="9">9783743206120</marc:subfield>
   </marc:datafield>
</marc:record>
